000 00300nam a2200133Ia 4500
005 20251222153644.0
008 251222s9999||||xx |||||||||||||| ||spa||
082 _a363.32/G17
100 _aGamarra, Ronald
245 0 _aTerrorismo:
250 _a1ra. ed.
264 _bGrafimace S.A.
942 _cLIB
999 _c32854
_d32854